• 首页
  • 本馆介绍
  • 公告通知
  • 最新文献
  • 馆藏检索
  • 电子资源
  • 读者导购
  • 参考咨询
  • 我的图书馆
  • 登录
  • 详细信息显示
  • 放入我的书架
  • 预约/预借图书
  • 作者相关作品
  • 分类相关作品
  • 丛书相关作品
  • 出版社相关作品

书目信息

  • 表格格式
  • 工作单格式
  • 卡片格式
题名:
基本有机原料知识
    
 
作者: ;北京化工研究院 编写
分册:  
出版信息: 北京   燃料化学工业出版社  1972
页数: 180页
开本: 20cm
丛书名:
单 册:
中图分类: TQ2
科图分类:
主题词: 有机化工
电子资源:
ISBN:
000 00613nam0 2200205 450
001 0636582255
005 20060925171623.39
010    @dCNY0.37
091    @a15063.2002
100    @a20060427d1972 km y0chiy0120 ea
101 0  @achi
102    @aCN@b110000
200 1  @a基本有机原料知识@Aji ben you ji yuan liao zhi shi@f北京化工研究院编写@Fbei jing hua gong yan jiu yuan bian xie
210    @a北京@c燃料化学工业出版社@d1972
215    @a180页@d20cm
606 0  @a有机化工
690    @aTQ2@v3
711  0 @a北京化工研究院@Abei jing hua gong yan jiu yuan@4编写
801  0 @aCN@bPFT@c20060925
905    @a10447@dTQ2@e1
    
    基本有机原料知识/北京化工研究院编写.-北京:燃料化学工业出版社,1972
    180页;20cm
    
    
    ISBN :CNY0.37
    
●
相关链接 在E读中查询图书 在五车中查询图书 在当当中查询图书 在豆瓣中查询图书


正题名:基本有机原料知识     索取号:TQ2/1         预约/预借

序号 登录号 条形码 馆藏地/架位号 状态 备注
1 0011781   202296684   密集书库/ [索取号:TQ2/1] 在馆    
2 0422960   204229600   密集书库/ [索取号:TQ2/1] 在馆    
唐山师范学院图书馆 欢迎您!
大连网信软件有限公司© 版权所有